A Decade with Tiger: (Record no. 195226)

MARC details
000 -LEADER
fixed length control field 00832nam a22002417a 4500
005 - DATE AND TIME OF LATEST TRANSACTION
control field 20230317123537.0
010 ## - LCCN (DPL NO)
LC control number ENG-136385
020 ## - INTERNATIONAL STANDARD BOOK NUMBER
International Standard Book Number 9789386906038
Terms of availability 1750.00
035 ## - SYSTEM CONTROL NUMBER
System control number EN-119917
037 ## - SOURCE OF ACQUISITION
Source of stock number/acquisition DBAD/PUB
082 ## - DEWEY DECIMAL CLASSIFICATION NUMBER
Classification number 599.744280954
100 ## - MAIN ENTRY--PERSONAL NAME
Personal name Mehta, Shivang
245 ## - TITLE STATEMENT
Title A Decade with Tiger:
Statement of responsibility, etc By Shivang Mehta edited by Upama Biswas and Sidhartha Bannerjee,
Remainder of title Supremacy.Solitude.Stripes/
250 ## - EDITION STATEMENT
Edition statement 2017
260 ## - PUBLICATION, DISTRIBUTION, ETC. (IMPRINT)
Place of publication, distribution, etc New Delhi
Name of publisher, distributor, etc Niyogi Books
270 ## - ADDRESS
City New Delhi
Address Block D,Building No 77, Okhla Ind Area Phase !
Postal code 110020
Electronic mail address niyogibooksindia@gmail.com
300 ## - PHYSICAL DESCRIPTION
Extent 360p.;
Dimensions 23cm(pb)
Other physical details ill
700 ## - ADDED ENTRY--PERSONAL NAME
Personal name Pandey, Mike
Relator term Foreword
700 ## - ADDED ENTRY--PERSONAL NAME
Personal name Biswas,Upama
Relator term Editor
700 ## - ADDED ENTRY--PERSONAL NAME
Personal name Bannerjee,Sidhartha
Relator term Editor
700 ## - ADDED ENTRY--PERSONAL NAME
Personal name Shankar,Ganesh
Relator term Afterword
942 ## - ADDED ENTRY ELEMENTS (KOHA)
Source of classification or shelving scheme Dewey Decimal Classification
Item type English Books
Call number suffix SHI
Classification part 599.744280954
Holdings
Withdrawn status Lost status Not for loan Collection code Home library Current library Date acquired Source of acquisition Cost, normal purchase price Full call number Barcode Copy number Koha item type
      Non-fiction Katevara Katevara 13/03/2023 DBAD/PUB 1750.00 599.744280954 SHI EN-119917 1 English Books

© Delhi Public Library
Hit Counter
free hit counter